Ṣūfī thought of Shaikh Sayyid’ Abdu’l Qādir Jīlānī and its impact on the Indian subcontinent / (Record no. 66960)
[ view plain ]
| 000 -LEADER | |
|---|---|
| fixed length control field | 01343nam a22003017a 4500 |
| 005 - DATE AND TIME OF LATEST TRANSACTION | |
| control field | 20120521143620.0 |
| 008 - FIXED-LENGTH DATA ELEMENTS--GENERAL INFORMATION | |
| fixed length control field | 120521t xxu||||| |||| 00| 0 eng d |
| 010 ## - LCCN (DPL NO) | |
| LC control number | ENG-105370 |
| 020 ## - INTERNATIONAL STANDARD BOOK NUMBER | |
| International Standard Book Number | 9788124605455 |
| Terms of availability | 850.00 |
| 020 ## - INTERNATIONAL STANDARD BOOK NUMBER | |
| International Standard Book Number | 8124605459 |
| Terms of availability | 850.00 |
| 035 ## - SYSTEM CONTROL NUMBER | |
| System control number | EN-88903 |
| 037 ## - SOURCE OF ACQUISITION | |
| Source of stock number/acquisition | DBAD/PUB |
| 040 ## - CATALOGING SOURCE | |
| Original cataloging agency | DPL |
| Language of cataloging | Eng |
| 082 ## - DEWEY DECIMAL CLASSIFICATION NUMBER | |
| Classification number | 297.4092 |
| 100 ## - MAIN ENTRY--PERSONAL NAME | |
| 9 (RLIN) | 47159 |
| Personal name | Bhat, Manzoor Ahmad |
| 245 ## - TITLE STATEMENT | |
| Title | Ṣūfī thought of Shaikh Sayyid’ Abdu’l Qādir Jīlānī and its impact on the Indian subcontinent / |
| Statement of responsibility, etc | by Manzoor Ahmad Bhat |
| 260 ## - PUBLICATION, DISTRIBUTION, ETC. (IMPRINT) | |
| Place of publication, distribution, etc | New Delhi |
| Name of publisher, distributor, etc | D.K. Printworld |
| Date of publication, distribution, etc | 2010 |
| 270 ## - ADDRESS | |
| Address | 'Srikunj', F-52, Bali Nagar, Ramesh Nagar Metro Station |
| City | New Delhi |
| Postal code | 110015 |
| 300 ## - PHYSICAL DESCRIPTION | |
| Extent | vi, 350 p. |
| Dimensions | 23cm(Hb) |
| 490 ## - SERIES STATEMENT | |
| Series statement | Islamic heritage in cross-cultural perspectives ; no. 5 |
| -- | 47580 |
| 500 ## - GENERAL NOTE | |
| General note | Originally presented as author’s thesis (Ph.D--University of Kashmir). |
| 500 ## - GENERAL NOTE | |
| General note | Includes bibliographical references (p. 307-320) and index. |
| 600 ## - SUBJECT ADDED ENTRY--PERSONAL NAME | |
| Personal name | ʻAbd al-Qādir al-Jīlānī, |
| Dates associated with a name | d. 1166 |
| General subdivision | Influence. |
| 9 (RLIN) | 47581 |
| 650 ## - SUBJECT ADDED ENTRY--TOPICAL TERM | |
| Topical term or geographic name as entry element | Qādirīyah members |
| 9 (RLIN) | 47555 |
| Form subdivision | Biography. |
| 650 ## - SUBJECT ADDED ENTRY--TOPICAL TERM | |
| Topical term or geographic name as entry element | Sufism |
| 9 (RLIN) | 47569 |
| Geographic subdivision | india |
| 942 ## - ADDED ENTRY ELEMENTS (KOHA) | |
| Source of classification or shelving scheme | Dewey Decimal Classification |
| Item type | English Books |
| Classification part | 297.4092 |
| Call number suffix | BHA |
| Withdrawn status | Lost status | Source of classification or shelving scheme | Damaged status | Not for loan | Collection code | Home library | Current library | Date acquired | Source of acquisition | Cost, normal purchase price | Total Checkouts | Full call number | Barcode | Date last seen | Copy number | Cost, replacement price | Koha item type |
|---|---|---|---|---|---|---|---|---|---|---|---|---|---|---|---|---|---|
| Dewey Decimal Classification | Not For Loan | Non-fiction | D.B.Act.Division | D.B.Act.Division | 21/05/2012 | DBAD/PUB | 850.00 | 297.4092 BHA | EN-88903 | 21/05/2012 | 1 | 850.00 | English Books |
